<?xml version="1.0" encoding="UTF-8"?>
<collection xmlns="http://www.loc.gov/MARC21/slim">
 <record>
  <leader>01333nam a2200289 a 4500</leader>
  <controlfield tag="001">1/47758</controlfield>
  <controlfield tag="008">180608s2017    gr       b    001 0 gre  </controlfield>
  <datafield tag="020" ind1=" " ind2=" ">
   <subfield code="a">9786185036256</subfield>
  </datafield>
  <datafield tag="035" ind1=" " ind2=" ">
   <subfield code="l">50747</subfield>
  </datafield>
  <datafield tag="040" ind1=" " ind2=" ">
   <subfield code="a">GR-PeUP</subfield>
  </datafield>
  <datafield tag="082" ind1="0" ind2="0">
   <subfield code="a">300.72 FLI</subfield>
  </datafield>
  <datafield tag="100" ind1="1" ind2=" ">
   <subfield code="a">Flick, Uwe,</subfield>
   <subfield code="d">1956-</subfield>
  </datafield>
  <datafield tag="245" ind1="1" ind2="3">
   <subfield code="a">Εσαγωγή στην ποιοτική Έρευνα /</subfield>
   <subfield code="c">Uwe Flick.</subfield>
  </datafield>
  <datafield tag="260" ind1=" " ind2=" ">
   <subfield code="a">Αθήνα :</subfield>
   <subfield code="b">Προπομπός,</subfield>
   <subfield code="c">2017.</subfield>
  </datafield>
  <datafield tag="300" ind1=" " ind2=" ">
   <subfield code="a">638 σ. :</subfield>
   <subfield code="b">εικ. ;</subfield>
   <subfield code="c">24 εκ.</subfield>
  </datafield>
  <datafield tag="500" ind1=" " ind2=" ">
   <subfield code="a">Τίτλος πρωτοτύπου: An introduction to qualitative research.</subfield>
  </datafield>
  <datafield tag="650" ind1=" " ind2="4">
   <subfield code="a">Psychology</subfield>
   <subfield code="x">Qualitative research.</subfield>
  </datafield>
  <datafield tag="650" ind1=" " ind2="4">
   <subfield code="a">Social sciences</subfield>
   <subfield code="x">Methodology.</subfield>
  </datafield>
  <datafield tag="650" ind1=" " ind2="4">
   <subfield code="a">Qualitative research.</subfield>
  </datafield>
  <datafield tag="650" ind1=" " ind2="4">
   <subfield code="a">Ποιοτική έρευνα.</subfield>
  </datafield>
  <datafield tag="650" ind1=" " ind2="4">
   <subfield code="a">Ψυχολογία</subfield>
   <subfield code="x">Έρευνα</subfield>
   <subfield code="x">Μεθοδολογία.</subfield>
  </datafield>
  <datafield tag="650" ind1=" " ind2="4">
   <subfield code="a">Κοινωνικές επιστήμες</subfield>
   <subfield code="x">Μεθοδολογία.</subfield>
  </datafield>
  <datafield tag="852" ind1=" " ind2=" ">
   <subfield code="a">INST</subfield>
   <subfield code="b">UNIPILB</subfield>
   <subfield code="c">MAIN</subfield>
   <subfield code="e">20180608</subfield>
   <subfield code="h">300.72 FLI</subfield>
   <subfield code="p">00179443</subfield>
   <subfield code="q">00179443</subfield>
   <subfield code="t">LOAN</subfield>
   <subfield code="y">0</subfield>
   <subfield code="4">1</subfield>
  </datafield>
  <datafield tag="852" ind1=" " ind2=" ">
   <subfield code="a">INST</subfield>
   <subfield code="b">UNIPILB</subfield>
   <subfield code="c">MAIN</subfield>
   <subfield code="e">20180608</subfield>
   <subfield code="h">300.72 FLI</subfield>
   <subfield code="p">00179444</subfield>
   <subfield code="q">00179444</subfield>
   <subfield code="t">LOAN</subfield>
   <subfield code="y">0</subfield>
   <subfield code="4">2</subfield>
  </datafield>
  <datafield tag="852" ind1=" " ind2=" ">
   <subfield code="a">INST</subfield>
   <subfield code="b">UNIPILB</subfield>
   <subfield code="c">MAIN</subfield>
   <subfield code="e">20190301</subfield>
   <subfield code="h">300.72 FLI</subfield>
   <subfield code="p">00180755</subfield>
   <subfield code="q">00180755</subfield>
   <subfield code="t">LOAN</subfield>
   <subfield code="y">0</subfield>
   <subfield code="4">3</subfield>
  </datafield>
  <datafield tag="852" ind1=" " ind2=" ">
   <subfield code="a">INST</subfield>
   <subfield code="b">UNIPILB</subfield>
   <subfield code="c">MAIN</subfield>
   <subfield code="e">20190301</subfield>
   <subfield code="h">300.72 FLI</subfield>
   <subfield code="p">00180756</subfield>
   <subfield code="q">00180756</subfield>
   <subfield code="t">LOAN</subfield>
   <subfield code="y">0</subfield>
   <subfield code="4">4</subfield>
  </datafield>
  <datafield tag="852" ind1=" " ind2=" ">
   <subfield code="a">INST</subfield>
   <subfield code="b">UNIPILB</subfield>
   <subfield code="c">MAIN</subfield>
   <subfield code="e">20190301</subfield>
   <subfield code="h">300.72 FLI</subfield>
   <subfield code="p">00180757</subfield>
   <subfield code="q">00180757</subfield>
   <subfield code="t">LOAN</subfield>
   <subfield code="y">0</subfield>
   <subfield code="4">5</subfield>
  </datafield>
 </record>
</collection>
